| 000 | 00507nam a2200169Ia 4500 | ||
|---|---|---|---|
| 003 | GCL | ||
| 008 | 140319s9999 xx 000 0 ara d | ||
| 040 |
_aGCL / _cGCL |
||
| 082 | 0 | 4 |
_aد _b050 _bد هـ |
| 245 | 1 | 0 | _aالهلال سبتمبر 1999 : اديبات متوحشات |
| 260 |
_aالقاهرة : _bدار الهلال للطباعة والنشر ، _c1999 |
||
| 650 | 0 | 4 | _aالجنس |
| 650 | 0 | 4 | _aالعنف |
| 650 | 0 | 4 | _aالبحث العلمى |
| 650 | 0 | 4 | _aادب المراة |
| 942 |
_2ddc _cCR |
||
| 999 |
_c6690 _d6690 |
||